Who Wrote That? 2010 Quiz Stats

 Plays Quiz not verified by Sporcle

Score 0/25 Timer 12:00
0 Plays Today
title author % Correct
MockingjaySuzanne Collins
95.9%
Before I FallLauren Oliver
62.2%
LingerMaggie Stiefvater
56.8%
CrescendoBecca Fitzpatrick
55.4%
Anna and The French KissStephanie Perkins
51.4%
TormentLauren Kate
47.3%
Iron DaughterJulie Kagawa
32.4%
The Sky Is EverywhereJandy Nelson
32.4%
Amy & Roger's Epic DetourMorgan Matson
32.4%
The DUFFKody Keplinger
27%
FirelightSophie Jordan
25.7%
NightshadeAndrea Cremer
24.3%
The Body FinderKimberly Derting
23%
title author % Correct
Some Girls AreCourtney Summers
20.3%
The Piper's SonMelina Marchetta
17.6%
StolenLucy Christopher
17.6%
When I Was JoeKeren David
16.2%
The Dark DivineBree Despain
13.5%
A Little Wanting SongCath Crowley
12.2%
The MockingbirdsDaisy Whitney
12.2%
Bright Young ThingsAnna Godberson
10.8%
Not That Kind Of GirlSiobhan Vivian
9.5%
The Long WeekendSavita Kalhan
8.1%
A Match Made In High SchoolKristin Walker
6.8%
Six Impossible ThingsFiona Wood
6.8%

You're not logged in!

Compare scores with friends on all Sporcle quizzes.
OR
Log In

Sporcle TV

Today on Sporcle TV


Watch our educational content, quiz creation guides, and fun videos on Sporcle TV.

Show Comments

Extras

Top Quizzes Today


Score Distribution

Your Account Isn't Verified!

In order to create a playlist on Sporcle, you need to verify the email address you used during registration. Go to your Sporcle Settings to finish the process.

Report this User

Report this user for behavior that violates our Community Guidelines.

Details: